|
|
|
|
| LEADER |
00000nam0a2200000 4500 |
| 001 |
234507 |
| 005 |
20231101231328.0 |
| 035 |
|
|
|a (RuTPU)RU\TPU\book\255631
|
| 090 |
|
|
|a 234507
|
| 100 |
|
|
|a 20130326d1935 k y0rusy50 ca
|
| 101 |
1 |
|
|a rus
|c eng
|
| 102 |
|
|
|a RU
|
| 105 |
|
|
|a a j 000zy
|
| 200 |
1 |
|
|a Геодезия
|e теория и практика
|e учебное пособие
|e пер. с англ.
|h Вып. 1
|f Р. Е. Девис, Ф. С. Фут, В. Г. Рейнер
|g под ред. А. С. Чеботарева
|
| 210 |
|
|
|a Москва
|a Ленинград
|c ОНТИ НКТП
|d 1935
|
| 215 |
|
|
|a 560 с.
|c ил.
|
| 606 |
|
|
|a Геодезия
|2 stltpush
|3 (RuTPU)RU\TPU\subj\6015
|9 33982
|
| 610 |
1 |
|
|a учебные пособия
|
| 610 |
1 |
|
|a полевые работы
|
| 610 |
1 |
|
|a вычисления
|
| 610 |
1 |
|
|a черчение
|
| 610 |
1 |
|
|a съемка
|
| 610 |
1 |
|
|a съемка геологическая
|
| 610 |
1 |
|
|a расстояния
|
| 610 |
1 |
|
|a геометрическое нивелирование
|
| 610 |
1 |
|
|a нивелирование
|
| 610 |
1 |
|
|a поперечные сечения
|
| 610 |
1 |
|
|a теодолитная съемка
|
| 610 |
1 |
|
|a полевая астрономия
|
| 610 |
1 |
|
|a азимут направления
|
| 610 |
1 |
|
|a дальномеры
|
| 675 |
|
|
|a 528
|v 3
|
| 700 |
|
1 |
|a Девис
|b Р. Е.
|
| 701 |
|
1 |
|a Фут
|b Ф. С.
|
| 701 |
|
1 |
|a Рейнер
|b В. Г.
|
| 702 |
|
1 |
|a Чеботарев
|b А. С.
|4 340
|
| 801 |
|
1 |
|a RU
|b 63413507
|c 20130326
|
| 801 |
|
2 |
|a RU
|b 63413507
|c 20130412
|g RCR
|
| 942 |
|
|
|c BK
|